| Tag |
First Indicator |
Second Indicator |
Subfields |
| LEADER |
00000cam a2200000 4500 |
| 001 |
in00000031793 |
| 005 |
20151007063122.0 |
| 008 |
730323s1950 it b 00000 ita u |
| 010 |
|
|
|a a 51001019
|
| 035 |
|
|
|a (OCoLC)00587020
|
| 035 |
|
|
|9 AAD6601AM
|
| 040 |
|
|
|c YNG
|d TXA
|d UtOrBLW
|
| 049 |
|
|
|a TXAM
|c [206499]
|
| 090 |
|
|
|a PR2976
|b .C325
|
| 092 |
|
|
|a 822.33
|b EC249
|
| 100 |
1 |
|
|a Capocci, Valentina.
|
| 245 |
1 |
0 |
|a Genio e mestiere ;
|b Shakespeare e la commedia dell'arte.
|
| 264 |
|
1 |
|a Bari :
|b G. Laterza,
|c 1950.
|
| 300 |
|
|
|a 127 pages ;
|c 21 cm.
|
| 336 |
|
|
|a text
|b txt
|2 rdacontent
|
| 337 |
|
|
|a unmediated
|b n
|2 rdamedia
|
| 338 |
|
|
|a volume
|b nc
|2 rdacarrier
|
| 490 |
1 |
|
|a Biblioteca di cultura moderna, n. 476
|
| 504 |
|
|
|a Bibliographical footnotes.
|
| 600 |
1 |
0 |
|a Shakespeare, William,
|d 1564-1616
|x Criticism and interpretation.
|
| 600 |
1 |
0 |
|a Shakespeare, William,
|d 1564-1616
|x Criticism, Textual.
|
| 650 |
|
0 |
|a Commedia dell'arte.
|
| 830 |
|
0 |
|a Biblioteca di cultura moderna (Editori Laterza) ;
|v n. 476.
|
| 999 |
|
|
|a MARS
|
| 999 |
f |
f |
|s 39581840-af4b-31d0-9cb3-f2f6b7f46ed2
|i e2d6813d-3f81-35c7-8773-9e77360e0aba
|t 0
|
| 952 |
f |
f |
|p ric
|a Texas A&M University
|b Rellis Campus
|c Joint Library Facility
|d Remote Storage
|t 0
|e PR2976 .C325
|h Library of Congress classification
|i unmediated -- volume
|m A14801307355
|
| 998 |
f |
f |
|a PR2976 .C325
|t 0
|l Remote Storage
|